000 00499nam a2200169Ia 4500
008 210719s2011 xx 000 0 und d
041 _akok
082 _a491.4603 HALV
100 _aHALARNKAR (Tanaji)
245 _aVishv konkani parichay kosh kand 1
260 _aMangalore
_bKonkani Bhasa ani sanskrati pratisthana.
_c2011
300 _a500
_bHB
365 _b200
_cRs
650 _aKonkani Dictionary
650 _aKonkani Dictionary
906 _a1 ; kand ; konkani ; kosh ; parichay ; Vishv
999 _c215811
_d215811